[Event "DSOL 2021"]
[Site "Germany"]
[Date "2021.01.21"]
[Round "1.4"]
[White "Voda"]
[Black "FlorianKull"]
[Result "1/2-1/2"]
[WhiteElo "1620"]
[BlackElo "1606"]
[Annotator "NA RC"]
[PlyCount "86"]
[EventDate "2021.01.18"]
[EventType "team-tourn"]
[EventCountry "GER"]
[SourceTitle "playchess.com"]
[Source "ChessBase"]
[SourceQuality "1"]

1. e4 e6 2. d4 d5 3. Bd3 dxe4 4. Bxe4 Nf6 5. Bf3 c5 6. Ne2 Nc6 7. Be3 e5 8. Bxc6+ bxc6 9. dxe5 Qxd1+ 10. Kxd1 Ng4 11. Nd2 Ba6 12. Nf3 g6 13. h3 Nxe3+ 14. fxe3 Bh6 15. Nf4 O-O 16. Kd2 f6 17. Ne6 Rf7 18. Nxc5 Rd8+ 19. Kc3 Bc8 20. e6 Re7 21. Rad1 Rde8 22. Rhe1 Bxe6 23. e4 Bg7 24. Nxe6 Rxe6 25. Rd7 f5+ 26. e5 a5 27. Ra7 Bxe5+ 28. Nxe5 Rxe5 29. Rxe5 Rxe5 30. Kd3 f4 31. c4 Re3+ 32. Kd2 Rg3 33. Rxa5 Rxg2+ 34. Kd3 Rxb2 35. Ke4 Rh2 36. Ra3 g5 37. Kf5 Rg2 38. Kf6 h5 39. Ra8+ Kh7 40. Ra7+ Kh6 41. Ra8 Kh7 42. Ra7+ Kh6 43. Ra8 Kh7 1/2-1/2

[Event "DSOL 2021"]
[Site "Germany"]
[Date "2021.01.22"]
[Round "1.4"]
[White "LukasS96"]
[Black "Oberling"]
[Result "1/2-1/2"]
[WhiteElo "1536"]
[BlackElo "1620"]
[Annotator "NA RC"]
[PlyCount "78"]
[EventDate "2021.01.18"]
[EventType "team-tourn"]
[EventCountry "GER"]
[SourceTitle "playchess.com"]
[Source "ChessBase"]
[SourceQuality "1"]
[WhiteTeam "SV Osnabrück"]
[BlackTeam "SV Walldorf I"]

1. e4 e5 2. Nf3 Nc6 3. Bc4 Bc5 4. c3 Bb6 5. O-O Nf6 6. d3 d6 7. b4 Qe7 8. a4 a5 9. b5 Nd8 10. Nbd2 O-O 11. h3 Ne6 12. Bxe6 Bxe6 13. Re1 Nd7 14. Nf1 f6 15. d4 Rfe8 16. Ng3 Nf8 17. Be3 Rad8 18. Qc2 Bc8 19. Rad1 Qf7 20. c4 exd4 21. Bxd4 Bxd4 22. Nxd4 Ne6 23. Ngf5 Bd7 24. Nb3 b6 25. f3 Nf4 26. Nbd4 Ne6 27. Kh2 Nc5 28. Ne3 Ne6 29. Nxe6 Bxe6 30. Nd5 Rd7 31. Rc1 Rf8 32. g4 h5 33. Nf4 h4 34. Kg2 g5 35. Nd5 Bxd5 36. cxd5 Qe7 37. Qc3 Qe5 38. Qxe5 fxe5 39. Rc3 Rff7 1/2-1/2

[Event "DSOL 2021"]
[Site "Germany"]
[Date "2021.01.22"]
[Round "1.4"]
[White "Andi Buck"]
[Black "Keymling Detlev"]
[Result "1/2-1/2"]
[WhiteElo "1534"]
[BlackElo "1620"]
[Annotator "NA RC"]
[PlyCount "141"]
[EventDate "2021.01.18"]
[EventType "team-tourn"]
[EventCountry "GER"]
[SourceTitle "playchess.com"]
[Source "ChessBase"]
[SourceQuality "1"]
[WhiteTeam "SC Roter Turm Altstadt I"]
[BlackTeam "SK Rochade Augsburg"]

1. e4 c6 2. Nc3 d5 3. Nf3 dxe4 4. Nxe4 Nf6 5. Nxf6+ exf6 6. d4 Be7 7. Bd3 Bg4 8. c3 O-O 9. h3 Be6 10. Bf4 Nd7 11. Qc2 g6 12. O-O-O Qa5 13. b3 Ba3+ 14. Kb1 c5 15. d5 Bf5 16. Bxf5 gxf5 17. Nh4 Rfe8 18. Nxf5 Nf8 19. c4 Ng6 20. Bd2 Bb4 21. Bxb4 Qxb4 22. Qd2 Qxd2 23. Rxd2 Re5 24. Ne3 Rd8 25. Rhd1 Nf4 26. h4 f5 27. g3 Nh5 28. Ng2 Nf6 29. f3 Rde8 30. a3 Nd7 31. Kc2 b6 32. Nf4 Re3 33. Rd3 R3e7 34. d6 Re5 35. Rd5 f6 36. R5d3 Kf7 37. b4 Rc8 38. Kb3 Rce8 39. Nd5 Rc8 40. Ne7 Ra8 41. f4 Re4 42. Nxf5 cxb4 43. axb4 a5 44. Re3 a4+ 45. Kc3 Rae8 46. Rxe4 Rxe4 47. Ra1 Ke6 48. g4 Rxf4 49. Re1+ Ne5 50. c5 bxc5 51. bxc5 Rc4+ 52. Kb2 Rxc5 53. Re4 Rc4 54. Rxc4 Nxc4+ 55. Kc3 Ne5 56. Ne3 Kxd6 57. Kb4 Nf3 58. Ng2 Ke5 59. Kxa4 Nh2 60. g5 fxg5 61. hxg5 Kf5 62. Kb4 Nf3 63. Kc4 Kxg5 64. Kd3 Kg4 65. Ke3 h5 66. Kf2 Ne5 67. Ne3+ Kh3 68. Nf5 Kg4 69. Ne3+ Kf4 70. Ng2+ Kg4 71. Ne3+ 1/2-1/2

[Event "DSOL 2021"]
[Site "Germany"]
[Date "2021.01.21"]
[Round "1.4"]
[White "Patttrick92"]
[Black "Budt"]
[Result "0-1"]
[WhiteElo "1325"]
[BlackElo "1620"]
[Annotator "NA RC"]
[PlyCount "78"]
[EventDate "2021.01.18"]
[EventType "team-tourn"]
[EventCountry "GER"]
[SourceTitle "playchess.com"]
[Source "ChessBase"]
[SourceQuality "1"]

1. Nf3 Nf6 2. c4 e6 3. g3 d5 4. Bg2 Be7 5. O-O O-O 6. b3 c5 7. e3 Nc6 8. Bb2 b6 9. d3 Ba6 10. Re1 Qd7 11. Nc3 Rad8 12. cxd5 Nxd5 13. Nxd5 exd5 14. d4 Bf6 15. Qd2 Qf5 16. dxc5 bxc5 17. Rec1 Nb4 18. Bxf6 Qxf6 19. Qc3 d4 20. exd4 Nd3 21. Rd1 cxd4 22. Qa5 h6 23. Rd2 Rfe8 24. Rad1 Ne5 25. Nxd4 Ng4 26. Qa4 Qb6 27. h3 Nf6 28. Qc6 Qa5 29. b4 Qa3 30. b5 Bc8 31. Qc4 Ne4 32. Rd3 Qb2 33. Bxe4 Rxe4 34. Kg2 Bb7 35. Kg1 Rde8 36. Qc3 Qxc3 37. Rxc3 Re1+ 38. Rxe1 Rxe1+ 39. Kh2 Rh1# 0-1

[Event "DSOL 2021"]
[Site "Germany"]
[Date "2021.02.03"]
[Round "2.1"]
[White "Engel, Luis"]
[Black "Cordts, Ingo"]
[Result "1-0"]
[WhiteElo "2553"]
[BlackElo "2214"]
[Annotator "TA"]
[PlyCount "79"]
[EventDate "2021.01.18"]
[EventType "team-tourn"]
[EventCountry "GER"]
[SourceTitle "playchess.com"]
[Source "ChessBase"]
[SourceQuality "1"]

1. e4 e5 2. Nf3 Nc6 3. Bb5 a6 4. Ba4 Nf6 5. d3 d6 6. c3 g6 7. O-O Bg7 8. Nbd2 O-O 9. Re1 Nd7 10. Nf1 Nc5 11. Bc2 Ne6 12. Ng3 Qf6 13. Be3 h6 14. h3 Kh7 15. Qd2 Nf4 16. Nh2 h5 17. d4 Bh6 18. Rad1 h4 19. Ne2 Nxe2+ 20. Rxe2 Bxe3 21. Qxe3 b6 22. Nf3 Kg7 23. Bb3 Na5 24. Bd5 Rb8 25. b4 Nb7 26. Red2 Nd8 27. Bb3 Ne6 28. dxe5 dxe5 29. Rd5 Nf4 30. Rxe5 Bb7 31. Rd7 Rbd8 32. Ree7 Rxd7 33. Rxd7 Qc6 34. Qd4+ Kh6 35. Qd2 g5 36. Nxg5 Kxg5 37. Rd5+ f5 38. g3 hxg3 39. fxg3 Qxc3 40. gxf4+ 1-0

[Event "DSOL 2021"]
[Site "Germany"]
[Date "2021.02.05"]
[Round "2.1"]
[White "Carow, Johannes"]
[Black "Nguyen, Alex Dac-Vuong"]
[Result "0-1"]
[WhiteElo "2446"]
[BlackElo "2307"]
[Annotator "TA"]
[PlyCount "82"]
[EventDate "2021.01.18"]
[EventType "team-tourn"]
[EventCountry "GER"]
[SourceTitle "playchess.com"]
[Source "ChessBase"]
[SourceQuality "1"]
[WhiteTeam "SF Heidesheim I"]
[BlackTeam "SG Leipzig"]

1. d4 Nf6 2. Nf3 e6 3. g3 c5 4. Bg2 cxd4 5. O-O d5 6. Nxd4 e5 7. Nb3 Nc6 8. Bg5 Be6 9. Bxf6 gxf6 10. Nc3 d4 11. Ne4 Be7 12. c3 dxc3 13. bxc3 Qc7 14. Rb1 Rd8 15. Qc1 h5 16. h4 f5 17. Ng5 Bc8 18. Qe3 f6 19. Nf3 Kf7 20. Rfd1 b6 21. c4 Rxd1+ 22. Rxd1 Nb4 23. Ne1 Nxa2 24. c5 Be6 25. Bd5 Bxd5 26. Rxd5 Nb4 27. Rd1 bxc5 28. Rc1 Qb6 29. Qf3 Na2 30. Ra1 e4 31. Qe3 c4 32. Nd4 Bc5 33. Nec2 Nb4 34. Qc3 Nxc2 35. Qxc4+ Kg6 36. Nxc2 Bxf2+ 37. Kg2 Qc5 38. Qa4 Rd8 39. Rb1 e3 40. Rb4 Qd5+ 41. Kh2 Qd1 0-1

[Event "DSOL 2021"]
[Site "Germany"]
[Date "2021.02.02"]
[Round "2.1"]
[White "Sielecki, Christof"]
[Black "Hummel, Dirk"]
[Result "1-0"]
[WhiteElo "2431"]
[BlackElo "2273"]
[Annotator "TA"]
[PlyCount "59"]
[EventDate "2021.01.18"]
[EventType "team-tourn"]
[EventCountry "GER"]
[SourceTitle "playchess.com"]
[Source "ChessBase"]
[SourceQuality "1"]

1. Nf3 d5 2. e3 Nf6 3. c4 e6 4. Nc3 Be7 5. b3 O-O 6. Bb2 b6 7. cxd5 exd5 8. d4 c5 9. Rc1 Be6 10. Be2 Nbd7 11. O-O Qc7 12. dxc5 bxc5 13. Na4 Rab8 14. Nd4 Qb7 15. Nxe6 fxe6 16. Bg4 Qa6 17. Bh3 Rfc8 18. Re1 Rc6 19. g3 Rbc8 20. e4 d4 21. Bf1 Qb7 22. f4 e5 23. Bc4+ Kh8 24. Qe2 exf4 25. gxf4 Qc7 26. e5 Ng4 27. Bd3 Ne3 28. Be4 Nxe5 29. fxe5 Qxe5 30. Qxe3 1-0

[Event "DSOL 2021"]
[Site "Germany"]
[Date "2021.02.04"]
[Round "2.1"]
[White "Agopov, Mikael"]
[Black "Sawlin, Leonid"]
[Result "0-1"]
[WhiteElo "2430"]
[BlackElo "2385"]
[Annotator "TA"]
[PlyCount "100"]
[EventDate "2021.01.18"]
[EventType "team-tourn"]
[EventCountry "GER"]
[SourceTitle "playchess.com"]
[Source "ChessBase"]
[SourceQuality "1"]

1. e4 e6 2. d4 d5 3. Nc3 Nf6 4. e5 Nfd7 5. f4 c5 6. Nf3 Nc6 7. Be3 Be7 8. Qd2 O-O 9. dxc5 Bxc5 10. O-O-O Bxe3 11. Qxe3 f6 12. Bd3 fxe5 13. fxe5 Qe7 14. Rhe1 a6 15. Ne2 Nc5 16. Ned4 Bd7 17. Kb1 Rac8 18. a3 Rb8 19. Qd2 b5 20. Nxc6 Bxc6 21. Nd4 Be8 22. Qb4 Qc7 23. Qc3 Qb6 24. Rf1 Rxf1 25. Rxf1 a5 26. Bxh7+ Kxh7 27. Rf8 Bh5 28. Rxb8 Qxb8 29. Qxc5 Qxe5 30. Nxb5 Bg6 31. Nc7 Qe1+ 32. Ka2 Qe2 33. Kb3 d4 34. Qc4 a4+ 35. Kb4 Qd2+ 36. Kc5 e5 37. Ne6 Kh6 38. c3 Bf7 39. cxd4 Qa5+ 40. Kd6 exd4 41. Qc1+ g5 42. Nxd4 Qd8+ 43. Ke5 Qe7+ 44. Kf5 Bg6+ 45. Kg4 Qe4+ 46. Kg3 Qh4+ 47. Kf3 Bh5+ 48. g4 Qxg4+ 49. Kf2 Qxd4+ 50. Kg2 Bg6 0-1

[Event "DSOL 2021"]
[Site "Germany"]
[Date "2021.02.04"]
[Round "2.1"]
[White "Haub, Thorsten Michael"]
[Black "Edouard, Romain"]
[Result "0-1"]
[WhiteElo "2426"]
[BlackElo "2640"]
[Annotator "TA"]
[PlyCount "80"]
[EventDate "2021.01.18"]
[EventType "team-tourn"]
[EventCountry "GER"]
[SourceTitle "playchess.com"]
[Source "ChessBase"]
[SourceQuality "1"]

1. Nf3 c5 2. g3 Nc6 3. Bg2 d5 4. O-O e5 5. d3 Bd6 6. Nfd2 Nge7 7. c4 d4 8. Ne4 f5 9. Nxd6+ Qxd6 10. Na3 a6 11. Nc2 O-O 12. a3 a5 13. b3 Be6 14. Bd2 Bf7 15. Rb1 b6 16. b4 axb4 17. axb4 Ra2 18. Ra1 Rxa1 19. Qxa1 Bh5 20. f3 e4 21. Bf4 Qf6 22. b5 Ne5 23. Bxe5 Qxe5 24. f4 Qe6 25. Re1 Nc8 26. Qa8 Nd6 27. Qc6 Qf6 28. Kf1 g5 29. Qd5+ Nf7 30. dxe4 fxe4 31. Bxe4 Bg4 32. e3 Rd8 33. Qc6 Rd6 34. Qe8+ Kg7 35. exd4 gxf4 36. Kg1 cxd4 37. Bd3 fxg3 38. Rf1 gxh2+ 39. Kg2 Bh3+ 40. Kxh3 Qxf1+ 0-1

[Event "DSOL 2021"]
[Site "Germany"]
[Date "2021.02.05"]
[Round "2.1"]
[White "Gschnitzer, Adrian"]
[Black "Donchenko, Alexander"]
[Result "1/2-1/2"]
[WhiteElo "2413"]
[BlackElo "2654"]
[Annotator "TA"]
[PlyCount "96"]
[EventDate "2021.01.18"]
[EventType "team-tourn"]
[EventCountry "GER"]
[SourceTitle "playchess.com"]
[Source "ChessBase"]
[SourceQuality "1"]
[WhiteTeam "SV Walldorf I"]
[BlackTeam "SF Deizisau I"]

1. e4 c6 2. d4 d5 3. e5 c5 4. dxc5 e6 5. a3 Bxc5 6. Bd3 Nc6 7. Nf3 a6 8. b4 Ba7 9. Bb2 Nge7 10. O-O Ng6 11. g3 O-O 12. Nbd2 b5 13. Nb3 f6 14. Bxg6 hxg6 15. Qd3 Qe8 16. Rae1 Qf7 17. Kg2 Bd7 18. Re2 Rae8 19. Bd4 Nxd4 20. Nbxd4 Bb8 21. h4 Rc8 22. Rfe1 Rce8 23. Re3 Re7 24. R1e2 Rc8 25. exf6 gxf6 26. Nxe6 Rxe6 27. Rxe6 Bxe6 28. Rxe6 Qxe6 29. Qxg6+ Kf8 30. Ng5 Qg8 31. Nh7+ Ke7 32. Qxf6+ Kd7 33. Qf5+ Kd6 34. Ng5 Rf8 35. Qd3 Qg7 36. Qe3 Ba7 37. Qe6+ Kc7 38. f4 Rf6 39. Qe5+ Kc8 40. h5 Bb8 41. Qe8+ Kb7 42. Ne6 Qh7 43. f5 Qxf5 44. Qd7+ Ka8 45. Qc6+ Ka7 46. Qd7+ Ka8 47. Qc6+ Ka7 48. Qd7+ Ka8 1/2-1/2

[Event "DSOL 2021"]
[Site "Germany"]
[Date "2021.02.04"]
[Round "2.1"]
[White "Sahidi, Samir"]
[Black "Plischki, Sebastian"]
[Result "0-1"]
[WhiteElo "2407"]
[BlackElo "2352"]
[Annotator "TA"]
[PlyCount "170"]
[EventDate "2021.01.18"]
[EventType "team-tourn"]
[EventCountry "GER"]
[SourceTitle "playchess.com"]
[Source "ChessBase"]
[SourceQuality "1"]

1. e4 c6 2. d4 d5 3. exd5 cxd5 4. Bd3 Nf6 5. h3 Nc6 6. Nf3 Nb4 7. O-O Nxd3 8. Qxd3 e6 9. Bg5 Be7 10. Nbd2 O-O 11. Ne5 Ne8 12. Bxe7 Qxe7 13. f4 Nd6 14. Rae1 Qc7 15. c3 f6 16. Ng4 Bd7 17. Rf2 Rac8 18. Qc2 b6 19. Ne3 g6 20. g4 f5 21. g5 Ne4 22. Nxe4 dxe4 23. Kg2 Qd6 24. Kg3 b5 25. Rd1 a5 26. h4 h5 27. b3 Rfd8 28. Rfd2 Be8 29. Qb2 Rc7 30. c4 bxc4 31. bxc4 Ba4 32. Rb1 Rcd7 33. Qc3 Qc7 34. Qa3 e5 35. Nd5 Rxd5 36. cxd5 exf4+ 37. Kh3 Rxd5 38. Rc1 Qd7 39. Qc3 f3 40. Kg3 Qd6+ 41. Kf2 Bd7 42. Qc7 f4 43. Rb2 Rxd4 44. Qxd6 Rxd6 45. Rc4 Bc6 46. Ke1 e3 47. Rxf4 f2+ 48. Ke2 Bg2 49. Rb1 f1=Q+ 50. Rfxf1 Bxf1+ 51. Rxf1 Rd4 52. Rf6 Kg7 53. Ra6 Rxh4 54. Ra7+ Kf8 55. Rxa5 Re4 56. Ra6 Kf7 57. Rf6+ Kg7 58. Rf3 Rg4 59. Rxe3 Rxg5 60. a4 Rg2+ 61. Kf3 Ra2 62. Re7+ Kf6 63. Ra7 Ra3+ 64. Kf2 Kf5 65. a5 h4 66. a6 Kg4 67. Ra8 Ra2+ 68. Kf1 g5 69. a7 h3 70. Rb8 Rxa7 71. Rb4+ Kg3 72. Rb3+ Kh4 73. Kg1 Ra1+ 74. Kh2 Ra2+ 75. Kg1 Rd2 76. Rb1 g4 77. Kh1 g3 78. Kg1 Kg4 79. Ra1 Kf4 80. Re1 Kf3 81. Kh1 Kf2 82. Rg1 g2+ 83. Kh2 Re2 84. Ra1 Re1 85. Ra2+ Kf1 0-1

[Event "DSOL 2021"]
[Site "Germany"]
[Date "2021.02.05"]
[Round "2.1"]
[White "Lauer, Moritz"]
[Black "Saraci, Nderim"]
[Result "0-1"]
[WhiteElo "2399"]
[BlackElo "2415"]
[Annotator "TA"]
[PlyCount "86"]
[EventDate "2021.01.18"]
[EventType "team-tourn"]
[EventCountry "GER"]
[SourceTitle "playchess.com"]
[Source "ChessBase"]
[SourceQuality "1"]
[WhiteTeam "SK Herzogenaurach I"]
[BlackTeam "SK Ludwigshafen I"]

1. e4 g6 2. d4 Bg7 3. Nc3 d6 4. Be3 a6 5. a4 Nd7 6. h3 c5 7. Nge2 cxd4 8. Bxd4 Ngf6 9. g4 O-O 10. Bg2 Rb8 11. a5 b6 12. axb6 Nxb6 13. b3 Bb7 14. O-O Qc7 15. Qd3 Rfd8 16. Qe3 Nbd7 17. Na4 e5 18. Bb2 d5 19. Ng3 dxe4 20. Nxe4 Nd5 21. Qg3 Nf4 22. Nac3 Nxg2 23. Kxg2 f5 24. gxf5 gxf5 25. Kh2 fxe4 26. Rg1 Nf6 27. Qg5 Kh8 28. Nd1 e3 29. Nxe3 Rd2 30. Raf1 h6 31. Qxe5 Qxe5+ 32. Bxe5 Re8 33. Rxg7 Kxg7 34. Ng4 Rxe5 35. Nxe5 Rxc2 36. Rg1+ Kh7 37. Kg3 Rc3+ 38. Kf4 Rxb3 39. Kf5 Nh5 40. Rc1 Ng7+ 41. Kf6 Rb6+ 42. Kf7 Bd5+ 43. Kf8 Rf6+ 0-1

[Event "DSOL 2021"]
[Site "Germany"]
[Date "2021.02.05"]
[Round "2.1"]
[White "Muschik, Benedikt"]
[Black "Belous, Mikhail"]
[Result "0-1"]
[WhiteElo "2330"]
[BlackElo "2362"]
[Annotator "TA"]
[PlyCount "92"]
[EventDate "2021.01.18"]
[EventType "team-tourn"]
[EventCountry "GER"]
[SourceTitle "playchess.com"]
[Source "ChessBase"]
[SourceQuality "1"]
[WhiteTeam "SK Münster"]
[BlackTeam "SK Dessau I"]

1. d4 Nf6 2. Nf3 g6 3. Bg5 Bg7 4. Nbd2 d5 5. e3 O-O 6. Bd3 c5 7. c3 Nc6 8. O-O Qb6 9. Rb1 Re8 10. Re1 e5 11. dxe5 Nxe5 12. Nxe5 Rxe5 13. Bf4 Re8 14. h3 Be6 15. a3 Rad8 16. Qe2 a6 17. Bg5 h6 18. Bh4 Rd7 19. Qf3 Nh7 20. Bc2 Qc6 21. Rbd1 Ng5 22. Qf4 d4 23. Bxg5 hxg5 24. Qxg5 dxc3 25. bxc3 Red8 26. Nb3 Rxd1 27. Rxd1 Rxd1+ 28. Bxd1 Qd6 29. Bc2 b6 30. h4 Bxc3 31. h5 Qd5 32. Qxd5 Bxd5 33. hxg6 fxg6 34. a4 Kf7 35. a5 c4 36. Nd4 Bxd4 37. exd4 b5 38. Kf1 b4 39. f3 b3 40. Bb1 c3 41. Ke2 c2 42. Bxc2 bxc2 43. Kd2 Bb3 44. f4 Ke6 45. g4 Kd5 46. f5 g5 0-1

[Event "DSOL 2021"]
[Site "Germany"]
[Date "2021.02.01"]
[Round "2.1"]
[White "Rosen, Bernd"]
[Black "Schmidt, Walter"]
[Result "0-1"]
[WhiteElo "2313"]
[BlackElo "2227"]
[Annotator "TA"]
[PlyCount "70"]
[EventDate "2021.01.18"]
[EventType "team-tourn"]
[EventCountry "GER"]
[SourceTitle "playchess.com"]
[Source "ChessBase"]
[SourceQuality "1"]

1. c4 c6 2. Nf3 Nf6 3. g3 d5 4. Qc2 Bg4 5. Bg2 Nbd7 6. O-O e6 7. cxd5 exd5 8. Nc3 Bd6 9. d3 O-O 10. e4 Bxf3 11. Bxf3 d4 12. Ne2 c5 13. Bg2 Nb6 14. b3 Re8 15. h3 Rc8 16. f4 Bf8 17. Qd2 Rc7 18. Bb2 Nc8 19. g4 Ne7 20. Ng3 Nc6 21. g5 Nd7 22. h4 b5 23. Rac1 Nb6 24. Kh1 Qd7 25. Qe2 Nd5 26. Kh2 Ne3 27. Bh3 Nxf1+ 28. Rxf1 Qd8 29. e5 Nb4 30. Ne4 Nd5 31. Bc1 Nc3 32. Qg2 Nxe4 33. Qxe4 c4 34. bxc4 bxc4 35. f5 Rxe5 0-1

[Event "DSOL 2021"]
[Site "Germany"]
[Date "2021.02.04"]
[Round "2.1"]
[White "Haskamp, Stephan"]
[Black "Brendel, Oliver"]
[Result "1-0"]
[WhiteElo "2281"]
[BlackElo "2340"]
[Annotator "TA"]
[PlyCount "59"]
[EventDate "2021.01.18"]
[EventType "team-tourn"]
[EventCountry "GER"]
[SourceTitle "playchess.com"]
[Source "ChessBase"]
[SourceQuality "1"]

1. Nf3 Nf6 2. c4 g6 3. Nc3 c5 4. d4 cxd4 5. Nxd4 Nc6 6. g3 Bg7 7. Bg2 O-O 8. O-O Ng4 9. e3 d6 10. Nde2 Qa5 11. Nd5 Nge5 12. Bd2 Qd8 13. b3 h5 14. h3 e6 15. Ndf4 d5 16. cxd5 exd5 17. Bc3 Bf5 18. Nxd5 h4 19. f4 hxg3 20. Nxg3 Bd3 21. Rf2 Rc8 22. Rc1 Qh4 23. Nh1 Rfd8 24. Bxe5 Nxe5 25. Rxc8 Rxc8 26. fxe5 Bf5 27. Qd4 Rc1+ 28. Rf1 Rxf1+ 29. Kxf1 Qg5 30. Nf6+ 1-0

[Event "DSOL 2021"]
[Site "Germany"]
[Date "2021.02.03"]
[Round "2.1"]
[White "Ewert, Hannes"]
[Black "Bente, Bjoern"]
[Result "1-0"]
[WhiteElo "2266"]
[BlackElo "2226"]
[Annotator "TA"]
[PlyCount "141"]
[EventDate "2021.01.18"]
[EventType "team-tourn"]
[EventCountry "GER"]
[SourceTitle "playchess.com"]
[Source "ChessBase"]
[SourceQuality "1"]

1. e4 c6 2. Nf3 d5 3. Nc3 Bg4 4. h3 Bxf3 5. Qxf3 e6 6. d4 Nf6 7. a3 dxe4 8. Qe3 Qa5 9. Bd2 Bb4 10. Nxe4 Bxd2+ 11. Nxd2 O-O 12. O-O-O Nd5 13. Qg3 Nd7 14. Bd3 b5 15. Rhe1 b4 16. Nc4 Qd8 17. axb4 Nxb4 18. Qd6 Nxd3+ 19. Rxd3 Rc8 20. Ra3 Qc7 21. Qxc7 Rxc7 22. b4 Nb6 23. Ne5 f6 24. Nd3 Kf7 25. c3 Re8 26. Kc2 Nc4 27. Ra6 e5 28. dxe5 Nxe5 29. Nc5 Nd7 30. Ne4 Kf8 31. Raa1 Nb6 32. Nc5 Rxe1 33. Rxe1 Kf7 34. Kb3 Re7 35. Ra1 Ke8 36. c4 Kd8 37. Nd3 Kc8 38. Kc3 Kb8 39. Re1 Rxe1 40. Nxe1 Kb7 41. Nd3 Nd7 42. Kd4 Kb6 43. f4 Kc7 44. Nb2 Kd6 45. c5+ Ke6 46. g4 g6 47. Nc4 h6 48. Nd6 f5 49. gxf5+ gxf5 50. b5 cxb5 51. Nxb5 a5 52. Nc7+ Ke7 53. Nd5+ Ke6 54. c6 Nb8 55. c7 Nc6+ 56. Kc5 Na7 57. Nb6 a4 58. Kb4 Kd6 59. c8=Q Nxc8 60. Nxc8+ Kd5 61. Ne7+ Ke4 62. Ng6 Kf3 63. Kxa4 Kg3 64. Kb4 Kxh3 65. Kc4 Kg4 66. Kd4 Kh5 67. Ne7 Kg4 68. Ke5 h5 69. Nxf5 Kf3 70. Nh4+ Kg4 71. Ng6 1-0

[Event "DSOL 2021"]
[Site "Germany"]
[Date "2021.02.02"]
[Round "2.1"]
[White "Wehner, Roland"]
[Black "Zwanzger, Johannes"]
[Result "1-0"]
[WhiteElo "2250"]
[BlackElo "2263"]
[Annotator "TA"]
[PlyCount "91"]
[EventDate "2021.01.18"]
[EventType "team-tourn"]
[EventCountry "GER"]
[SourceTitle "playchess.com"]
[Source "ChessBase"]
[SourceQuality "1"]

1. Nf3 d5 2. g3 c5 3. Bg2 Nc6 4. d4 e6 5. O-O Nf6 6. b3 cxd4 7. Nxd4 Bc5 8. Bb2 O-O 9. e3 Qe7 10. c4 dxc4 11. Nxc6 bxc6 12. bxc4 Rb8 13. Qc2 Ba6 14. Nd2 Rfc8 15. Rfd1 e5 16. Nf3 e4 17. Nd2 Ng4 18. Nxe4 Bxe3 19. h3 Nxf2 20. Nxf2 Qc5 21. Rac1 Bxc1 22. Rxc1 Qe3 23. Kh2 Bxc4 24. Ng4 Qd3 25. Qf2 Bd5 26. Bxg7 Bxg2 27. Be5 Qf3 28. Nf6+ Kf8 29. Nd7+ Ke7 30. Qxf3 Bxf3 31. Nxb8 c5 32. g4 Ke6 33. Bf4 c4 34. Rc3 Be4 35. Na6 Kd5 36. Nc7+ Kd4 37. Nb5+ Kc5 38. Nd6 Kd4 39. Re3 Rb8 40. Rxe4+ Kd5 41. Rxc4 Rb2+ 42. Kg3 Rxa2 43. Rc7 f6 44. Nb5 Ra5 45. Nxa7 Ke4 46. Re7+ 1-0

[Event "DSOL 2021"]
[Site "Germany"]
[Date "2021.02.01"]
[Round "2.1"]
[White "Griebl, Joern"]
[Black "Skibbe, Willi"]
[Result "1-0"]
[WhiteElo "2249"]
[BlackElo "2187"]
[Annotator "TA"]
[PlyCount "51"]
[EventDate "2021.01.18"]
[EventType "team-tourn"]
[EventCountry "GER"]
[SourceTitle "playchess.com"]
[Source "ChessBase"]
[SourceQuality "1"]

1. d4 d5 2. c4 Nc6 3. Nc3 Nf6 4. Nf3 dxc4 5. e4 Bg4 6. Be3 e6 7. Bxc4 Bb4 8. Qd3 Bh5 9. O-O O-O 10. a3 Bxc3 11. bxc3 Bxf3 12. gxf3 Ne7 13. Rab1 b6 14. Kh1 Ng6 15. f4 c5 16. f5 exf5 17. exf5 cxd4 18. Bxd4 Nf4 19. Qf3 Qc7 20. Rg1 Qxc4 21. Rxg7+ Kxg7 22. Qg4+ Kh6 23. Qxf4+ Kh5 24. Rg1 Qc6+ 25. f3 Rg8 26. Rg3 1-0

[Event "DSOL 2021"]
[Site "Germany"]
[Date "2021.02.05"]
[Round "2.1"]
[White "Voicu-Jagodzinsky, Carmen"]
[Black "Wulf von Moers, Jens"]
[Result "1/2-1/2"]
[WhiteElo "2247"]
[BlackElo "1581"]
[Annotator "TA"]
[PlyCount "72"]
[EventDate "2021.01.18"]
[EventType "team-tourn"]
[EventCountry "GER"]
[SourceTitle "playchess.com"]
[Source "ChessBase"]
[SourceQuality "1"]
[WhiteTeam "SV Hemer"]
[BlackTeam "SC Wrist-Kellinghusen"]

1. Nf3 d5 2. c4 e6 3. b3 Nf6 4. Bb2 Be7 5. g3 O-O 6. Bg2 c5 7. O-O Nc6 8. e3 b6 9. Nc3 Bb7 10. cxd5 Nxd5 11. Nxd5 Qxd5 12. Ne5 Qd6 13. f4 Rad8 14. Nc4 Qd7 15. Qg4 g6 16. a4 Nb4 17. Qe2 Bxg2 18. Qxg2 Nd3 19. Bc3 f5 20. e4 Qb7 21. e5 Qxg2+ 22. Kxg2 Rd5 23. Rf3 g5 24. fxg5 Bxg5 25. Raf1 h5 26. h3 Rf7 27. g4 Rg7 28. Kh1 hxg4 29. hxg4 fxg4 30. Rf8+ Kh7 31. Kg2 Rd8 32. Rxd8 Bxd8 33. Nd6 Bg5 34. Ne8 Nf4+ 35. Kg3 Ne2+ 36. Kxg4 Rg6 1/2-1/2

[Event "DSOL 2021"]
[Site "Germany"]
[Date "2021.02.04"]
[Round "2.1"]
[White "Mueller, Philipp"]
[Black "Balov, Darko"]
[Result "1-0"]
[WhiteElo "2237"]
[BlackElo "2063"]
[Annotator "TA"]
[PlyCount "65"]
[EventDate "2021.01.18"]
[EventType "team-tourn"]
[EventCountry "GER"]
[SourceTitle "playchess.com"]
[Source "ChessBase"]
[SourceQuality "1"]

1. c4 Nf6 2. g3 g6 3. Bg2 d6 4. Nc3 Bg7 5. d3 O-O 6. Rb1 a5 7. a3 c6 8. e4 Nbd7 9. Nge2 e5 10. O-O Qc7 11. b4 axb4 12. axb4 Ne8 13. f4 f5 14. exf5 gxf5 15. b5 Ndf6 16. h3 Be6 17. Be3 h5 18. bxc6 bxc6 19. Rb6 Bd7 20. Nb5 cxb5 21. Bxa8 bxc4 22. Qc2 Be6 23. fxe5 dxe5 24. Rxe6 f4 25. gxf4 cxd3 26. Qxd3 e4 27. Bxe4 Nxe4 28. Qxe4 Nf6 29. Qg6 Qc4 30. Re7 Ne8 31. Bd4 Qb4 32. Rxg7+ Nxg7 33. Qxg7# 1-0

[Event "DSOL 2021"]
[Site "Germany"]
[Date "2021.02.01"]
[Round "2.1"]
[White "Krause, Ullrich"]
[Black "Scholz, Christian"]
[Result "1/2-1/2"]
[WhiteElo "2208"]
[BlackElo "2366"]
[Annotator "TA"]
[PlyCount "116"]
[EventDate "2021.01.18"]
[EventType "team-tourn"]
[EventCountry "GER"]
[SourceTitle "playchess.com"]
[Source "ChessBase"]
[SourceQuality "1"]

1. Nf3 g6 2. c4 Nf6 3. g3 Bg7 4. d4 O-O 5. Bg2 d6 6. O-O Nc6 7. Nc3 a6 8. b3 Rb8 9. Nd5 b5 10. Nxf6+ Bxf6 11. Bh6 Re8 12. Rc1 Bd7 13. d5 Ne5 14. Nxe5 Bxe5 15. c5 e6 16. e4 exd5 17. Qxd5 Be6 18. Qd2 dxc5 19. Qxd8 Rbxd8 20. Rxc5 f6 21. Be3 Re7 22. Rfc1 Bd4 23. Bxd4 Rxd4 24. e5 fxe5 25. Rxe5 Kf7 26. Rce1 Rdd7 27. Bb7 Rd6 28. b4 c6 29. Bc8 Re8 30. Bxe6+ Rdxe6 31. Rxe6 Rxe6 32. Rc1 Ke7 33. Kg2 Kd6 34. Rd1+ Kc7 35. Kf3 c5 36. bxc5 Kc6 37. Rd6+ Rxd6 38. cxd6 Kxd6 39. Ke4 Kc5 40. f4 b4 41. g4 a5 42. f5 gxf5+ 43. gxf5 a4 44. f6 Kd6 45. Kd4 Ke6 46. Kc4 b3 47. axb3 axb3 48. Kxb3 Kxf6 49. Kc4 Kg5 50. Kd3 Kg4 51. Ke2 Kh3 52. Kf1 Kxh2 53. Kf2 h5 54. Kf1 h4 55. Kf2 h3 56. Kf1 Kg3 57. Kg1 h2+ 58. Kh1 Kh3 1/2-1/2